Soil and water management systems / (Record no. 10991)
[ view plain ]
| 000 -LEADER | |
|---|---|
| fixed length control field | 00396cam a2200157ua 4500 |
| 082 ## - DEWEY DECIMAL CLASSIFICATION NUMBER | |
| Classification number | 631.45 |
| Item number | SCH/SO |
| 100 ## - MAIN ENTRY--AUTHOR NAME | |
| Personal name | Schwab, Glem O . |
| 245 ## - TITLE STATEMENT | |
| Title | Soil and water management systems / |
| 250 ## - EDITION STATEMENT | |
| Edition statement | 4 / |
| 260 ## - PUBLICATION, DISTRIBUTION, ETC. (IMPRINT) | |
| Place of publication | London : |
| Name of publisher | John Wiley & Sons , |
| Year of publication | 1996. |
| 300 ## - PHYSICAL DESCRIPTION | |
| Number of Pages | 371 ; . |
| 500 ## - GENERAL NOTE | |
| General note | Reference ** |
| 700 1# - ADDED ENTRY--PERSONAL NAME | |
| Personal name | Eliot, William J . |
| 700 1# - ADDED ENTRY--PERSONAL NAME | |
| Personal name | Fangmeier, Delmar D . |
| 942 ## - ADDED ENTRY ELEMENTS (KOHA) | |
| Koha item type | Books |
| Withdrawn status | Lost status | Damaged status | Home library | Current library | Date acquired | Full call number | Accession Number | Koha item type |
|---|---|---|---|---|---|---|---|---|
| KAUAET | KAUAET | 07/04/2012 | 631.45 | 20387 | Reference |
